000 00940nam a22002177a 4500
003 UA-OsUOA
001 130446
007 ta
008 20180424b un ||||| |||| 00| 0 ukr d
090 _a94(477).042
_bХ65
942 _cBK
040 _aUA-OsUOA
_bukr
_cUA-OsUOA
_dUA-OsUOA
245 _aБ. Хмельницький - славний син і видатний гетьман України
_bматеріали і тези доповідей Рівненської міжрегіональної науково-практичної конференції, присвяченої 400-річчю від дня народження Б. Хмельницького 23 - 24 жовтня 1995 р.
_cВ. І. Тищук
300 _a133 с.
955 _a1
041 _aukr
080 _a94(477).042
260 _aРівне
_bРБНТ
_c1995
650 7 _a9 Географія. Біографії. Історія
_2UDC
999 _c418477
_d418477